| 000 | 00000nam##2200000za#4500 |
| 001 | 9.569717 |
| 003 | CaOODSP |
| 005 | 20210624181912 |
| 007 | cr ||||||||||| |
| 008 | 150406|2009||||xxc|||||o f|0| 0 eng|d |
| 040 | |aCaOODSP|beng |
| 043 | |an-cn--- |
| 086 | 1 |aNH18-1/361-2009E-PDF |
| 110 | 2 |aCanada Mortgage and Housing Corporation. |
| 245 | 10|aDon River watershed site evaluation |h[electronic resource] |
| 246 | 3 |aDon River watershed site evaluation : predicting effectiveness of stormwater source controls in urban watershed revitalization = Évaluation du bassin hydrologique de la rivière Don : Prévoir l'efficacité des mesures de gestion des eaux pluviales dans le cadre de la rivitalisation d'un bassin hydrologique en melieu urbain |
| 260 | |aOttawa - Ontario : |bCanada Mortgage and Housing Corporation |cJuly 2009 (main report), October 2010 (Research highlight). |
| 300 | |a50p.|bfigs. (some coloured), maps (some coloured), references, tables, photographs |
| 490 | 1 |aResearch report |
| 500 | |aIncludes: Research highlight (Technical series 10-101, October 2010) under the title "Don River watershed evaluation : predicting effectiveness of stormwater source controls in urban watershed revitalization". Y compris : Le point en recherche (Série technique 10-101, octobre 2010) sous le titre « Évaluation du bassin hydrologique de la rivière Don : prévoir l'efficacité des mesures de gestion des eaux pluviales dans le cadre de la revitalisation d'un bassin hydrologique en milieu urbain ». |
| 546 | |a(Comprend du texte en français.) |
| 590 | |a11-26-Supp|b2011-11-03 |
| 830 | #0|aResearch report (Canada Mortgage and Housing Corporation : Online)|w(CaOODSP)9.506068 |
| 856 | 40|ahttp://publications.gc.ca|qPDF|s4.53 MB|uhttps://publications.gc.ca/collections/collection_2011/schl-cmhc/nh18-1/NH18-1-361-2009-eng.pdf |